Cat's eye / (Record no. 445)
[ view plain ]
| 000 -LEADER | |
|---|---|
| fixed length control field | 00503cam a2200181 4500 |
| 001 - CONTROL NUMBER | |
| control field | 594 |
| 003 - CONTROL NUMBER IDENTIFIER | |
| control field | OCoLC |
| 005 - DATE AND TIME OF LATEST TRANSACTION | |
| control field | 20181127161718.0 |
| 008 - FIXED-LENGTH DATA ELEMENTS--GENERAL INFORMATION | |
| fixed length control field | 891201c19891988nyu 00011 eng d |
| 010 ## - LIBRARY OF CONGRESS CONTROL NUMBER | |
| LC control number | 88024345 |
| 020 ## - INTERNATIONAL STANDARD BOOK NUMBER | |
| International Standard Book Number | 0553282476 |
| 100 10 - MAIN ENTRY--PERSONAL NAME | |
| Personal name | Atwood, Margaret Eleanor, |
| Dates associated with a name | 1939- |
| 245 10 - TITLE STATEMENT | |
| Title | Cat's eye / |
| Statement of responsibility, etc. | Margaret Atwood. |
| 260 0# - PUBLICATION, DISTRIBUTION, ETC. | |
| Place of publication, distribution, etc. | New York : |
| Name of publisher, distributor, etc. | Bantam Books, |
| Date of publication, distribution, etc. | 1989, c1988. |
| 300 ## - PHYSICAL DESCRIPTION | |
| Extent | 445 p. ; |
| Dimensions | 18 cm. |
| 650 ## - SUBJECT ADDED ENTRY--TOPICAL TERM | |
| Topical term or geographic name entry element | Friendship --Fiction. |
| Form subdivision | |
| General subdivision | |
| Chronological subdivision | |
| Geographic subdivision | |
| Source of heading or term | |
| Topical term or geographic name entry element | Women painters --Fiction. |
| Form subdivision | |
| General subdivision | |
| Chronological subdivision | |
| Geographic subdivision | |
| Source of heading or term | |
| Withdrawn status | Lost status | Source of classification or shelving scheme | Damaged status | Not for loan | Collection code | Home library | Current library | Shelving location | Date acquired | Serial Enumeration / chronology | Inventory number | Total Checkouts | Full call number | Barcode | Date last seen | Price effective from | Koha item type |
|---|---|---|---|---|---|---|---|---|---|---|---|---|---|---|---|---|---|
| Dewey Decimal Classification | Fiction | RTC Library | RTC Library | Fiction | 07/04/2022 | 1450 | FIC 813.54 ATW | 30000714 | 03/01/2022 | 27/11/2018 | Fiction |